Score 0/79 Timer 10:00
0 Plays Today
Season Answer % Correct
Season 14T
96.6%
Season 4Christina
94%
Season 10Christina
94%
Season 1Michael
92.2%
Season 6Dave
91.5%
Season 9Paul
91.5%
Season 3Rock
91.3%
Season 14Josh
90.7%
Season 2Heather
90.1%
Season 3Jen
90.1%
Season 4Jen
90.1%
Season 5Danny
89%
Season 8Nona
88.3%
Season 12Jason
87.5%
Season 3Josh
86.7%
Season 9Elise
86.7%
Season 6Kevin
86.4%
Season 5Ben
86.2%
Season 12Scott
86%
Season 1Ralph
85.7%
Season 7Benjamin
85.7%
Season 14Meghan
85.7%
Season 7Jason
85.3%
Season 3Bonnie
85.1%
Season 7Holli
85.1%
Season 7Jay
84.8%
Season 9Will
84.6%
Season 2Virginia
84.1%
Season 5Paula
83.9%
Season 11Ja'Nel
83.9%
Season 8Russell
83.7%
Season 13Jennifer
83.2%
Season 14Milly
83.1%
Season 6Ariel
82.3%
Season 9Jennifer
81.6%
Season 4Petrozza
81.4%
Season 11Mary
81.4%
Season 14Michelle
81.2%
Season 10Justin
80.7%
Season 14Nick
80.6%
Season Answer % Correct
Season 13La Tasha
80.1%
Season 10Dana
79.8%
Season 5Robert
79.1%
Season 1Jessica
78.6%
Season 2Keith
78.4%
Season 8Trev
78.4%
Season 6Van
77.9%
Season 10Robyn
77.5%
Season 4Bobby
76.6%
Season 9Tommy
76.6%
Season 10Barbie
76.3%
Season 11Jon
75.9%
Season 4Matt
75.6%
Season 5Andrea
75.4%
Season 1Elsie
74.9%
Season 8Sabrina
74%
Season 2Sara
73.6%
Season 3Julia
73.6%
Season 10Clemenza
73.1%
Season 13Bryant
72.6%
Season 5Giovanni
72.4%
Season 1Jimmy
72.2%
Season 8Jillian
72.2%
Season 4Corey
71.7%
Season 8Gail
71.5%
Season 12Joy
70.3%
Season 13Roe
68.6%
Season 6Suzanne
68.3%
Season 12Melanie
67.6%
Season 11Susan
67.4%
Season 2Garrett
66.7%
Season 11Cyndi
66.4%
Season 6Tennille
66.2%
Season 7Ed
66.2%
Season 7Autumn
65.3%
Season 12Rochelle
65.2%
Season 13Sade
64.4%
Season 13Santos
63.8%
Season 12Kashia
59.3%
Remove Ads.
Support Sporcle.
Get the best of Sporcle when you Go Orange. This ad-free experience offers more features, more stats, and more fun while also helping to support Sporcle. Thank you for becoming a member.

You're not logged in!

Compare scores with friends on all Sporcle quizzes.
OR
Log In

Show Comments

Extras

Top Quizzes Today


Score Distribution

Your Account Isn't Verified!

In order to create a playlist on Sporcle, you need to verify the email address you used during registration. Go to your Sporcle Settings to finish the process.

Report this User

Report this user for behavior that violates our Community Guidelines.

Details: